| 000 | 00725nam a22002057a 4500 | ||
|---|---|---|---|
| 999 |
_c19306 _d19306 |
||
| 003 | AR-CdUCM | ||
| 008 | 190517b ||||| |||| 00| 0 spa d | ||
| 040 |
_aMUNICIPALIDAD PROVINCIAL DEL CUSCO _cBIBLIOTECA MUNICIPAL DEL CUSCO |
||
| 082 |
_a100 / _bC48 |
||
| 100 |
_aCeruti Crosa, Pedro _940572 |
||
| 245 | _aIniciación filosófica / | ||
| 260 |
_aMontevideo : _bPueblos unidos, _c1944. |
||
| 300 |
_a171 páginas ; _c21 cm. |
||
| 505 | _aContenido: Anotaciones sobre materialismo I -- Anotaciones sobre materialismo II -- Anotaciones sobre el problema del conocimiento ... | ||
| 650 |
_aFilosofía _9395 |
||
| 650 |
_aMaterialismo _95459 |
||
| 650 |
_aIdealismo _9695 |
||
| 942 |
_2ddc _cLIBROS |
||
| 945 |
_arah _d2019-05-17 |
||